Разработка и исследование двухлучевого бетатрона на 30 Мэв; Тезисы докладов на пятой Межвузовской научной конференции по электронным ускорителям (17-21 марта 1964 г.)

書誌詳細
Parent link:Тезисы докладов на пятой Межвузовской научной конференции по электронным ускорителям (17-21 марта 1964 г.).— 1964.— С. 26-27
第一著者: Акимов Ю. М.
その他の著者: Браславский Г. Д., Рябышкин Г. С.
言語:ロシア語
出版事項: 1964
主題:
フォーマット: MixedMaterials 図書の章
KOHA link:https://koha.lib.tpu.ru/cgi-bin/koha/opac-detail.pl?biblionumber=592734

MARC

LEADER 00000naa0a2200000 4500
001 592734
005 20250901110853.0
035 |a (RuTPU)RU\TPU\tpu\5247 
090 |a 592734 
100 |a 20011210d1964 k||y0rusy50 ca 
101 0 |a rus 
102 |a RU 
200 1 |a Разработка и исследование двухлучевого бетатрона на 30 Мэв  |f Ю. М. Акимов, Г. Д. Браславский, Г. С. Рябышкин 
463 1 |t Тезисы докладов на пятой Межвузовской научной конференции по электронным ускорителям (17-21 марта 1964 г.)  |v С. 26-27  |d 1964 
610 1 |a электронные ускорители 
610 1 |a труды учёных ТПУ 
700 1 |a Акимов  |b Ю. М. 
701 1 |a Браславский  |b Г. Д. 
701 1 |a Рябышкин  |b Г. С. 
801 0 |a RU  |b 63413507  |c 20011210  |g PSBO 
801 2 |a RU  |b 63413507  |c 20080411  |g PSBO 
942 |c BK